NLSUI OPAC header image

Hidden harvests community based biodiversity conservation (Record no. 36859)

MARC details
000 -LEADER
fixed length control field 00560nam a2200157Ia 4500
008 - FIXED-LENGTH DATA ELEMENTS--GENERAL INFORMATION
fixed length control field 160316s9999 xxu||||| |||| 00| 0 eng d
082 ## - DEWEY DECIMAL CLASSIFICATION NUMBER
Classification number 344.046000
Item number RAM
100 ## - MAIN ENTRY--PERSONAL NAME
Personal name Ramprasad Dr. Vanaja
245 ## - TITLE STATEMENT
Title Hidden harvests community based biodiversity conservation
250 ## - EDITION STATEMENT
Edition statement
260 ## - PUBLICATION, DISTRIBUTION, ETC.
Place of publication, distribution, etc. Bangalore
Name of publisher, distributor, etc. Green Foundation
Date of publication, distribution, etc. 0
300 ## - PHYSICAL DESCRIPTION
Extent 96
Other physical details
Dimensions
365 ## - TRADE PRICE
Price amount
650 ## - SUBJECT ADDED ENTRY--TOPICAL TERM
Topical term or geographic name entry element 1. Biodiversity - Protection - sustainable livelihood <br/>2. Farmers aspirations<br/>3. Nutritional adequacy - food security<br/>4. Ecology - rituals - biodiversity - web of life
700 ## - ADDED ENTRY--PERSONAL NAME
Personal name
--
Holdings
Withdrawn status Lost status Damaged status Not for loan Home library Current library Shelving location Date acquired Total Checkouts Full call number Barcode Date last seen Price effective from Koha item type
        . .   30.05.2017   344.046 RAM REP12355 30.05.2017 30.05.2017 Repository